000 00349nab a22001097u 4500
008 130520b2004 xxu||||| |||| 00| 0 spa d
041 _aspa
100 1 _aKamp, Albert
_972962
245 0 0 _aCon causa o sin ella. Imágenes de Dios y el hombre en Job 1-3
_cAlbert Kamp
773 0 _tConcilium
_gnº307,2004,págs. 13-22
_x0210-1041
_wRev134
942 _cAR
999 _c370361
_d370361